[Event "World Corporate East A"]
[Site "Chess.com INT"]
[Date "2021.02.20"]
[Round "6.2"]
[White "Alekseeva, Alena"]
[Black "Rodionova, Polina"]
[Result "1-0"]
[WhiteElo "2034"]
[BlackElo "2024"]
[PlyCount "79"]
[EventDate "2021.02.19"]
[EventType "team (rapid)"]
[EventRounds "7"]
[EventCountry "USA"]
[SourceTitle "EXT 2022"]
[Source "ChessBase"]
[SourceDate "2021.10.06"]
[SourceVersion "1"]
[SourceVersionDate "2021.10.06"]
[SourceQuality "1"]
[WhiteTeam "Pulkovo RIVC"]
[BlackTeam "Bank of Russia"]
[WhiteTeamCountry "RUS"]
[BlackTeamCountry "RUS"]

1. e4 c5 2. Nc3 Nc6 3. d3 g6 4. Be3 d6 5. d4 cxd4 6. Bxd4 Nxd4 7. Qxd4 Nf6 8. e5 dxe5 9. Qxe5 a6 10. Rd1 Bd7 11. Nf3 Bg7 12. Bc4 0-0 13. 0-0 Qc8 14. Bb3 e6 15. Rfe1 Nd5 16. Nxd5 exd5 17. Qxd5 Be6 18. Qxe6 fxe6 19. Bxe6+ Qxe6 20. Rxe6 Bxb2 21. Rb1 Bc3 22. Rxb7 Rf7 23. Rxf7 Kxf7 24. Ng5+ Kg8 25. g3 a5 26. Rc6 Bd4 27. Kg2 Rb8 28. c3 Bg7 29. Ne6 Be5 30. Rc5 Bf6 31. Nd4 a4 32. Ra5 Rc8 33. Rxa4 Rxc3 34. Ra8+ Kf7 35. Nb5 Rc2 36. a4 Ra2 37. a5 Ke6 38. a6 Kd5 39. a7 Kc5 40. Rb8 1-0

[Event "RUS-ch Higher League (Women) 66th"]
[Site "Kolomna"]
[Date "2016.07.01"]
[Round "9"]
[White "Rodionova, Polina"]
[Black "Lingur, Zalina"]
[Result "1/2-1/2"]
[WhiteElo "1981"]
[BlackElo "2182"]
[PlyCount "105"]
[EventDate "2016.06.22"]
[EventType "swiss"]
[EventRounds "9"]
[EventCountry "RUS"]
[SourceTitle "CBM 173 Extra"]
[Source "ChessBase"]
[SourceDate "2016.08.29"]
[SourceVersion "1"]
[SourceVersionDate "2016.08.29"]
[SourceQuality "1"]

1. e4 c5 2. Nf3 d6 3. d4 cxd4 4. Nxd4 Nf6 5. Nc3 a6 6. Be3 e5 7. Nb3 Be6 8. Qd2 Nbd7 9. 0-0-0 b5 10. f3 h5 11. Nd5 Rc8 12. Qf2 Nxd5 13. exd5 Bf5 14. Bd3 Bxd3 15. Rxd3 Be7 16. h4 0-0 17. g4 e4 18. Rdd1 Ne5 19. Kb1 Nxf3 20. gxh5 Bxh4 21. Qg2 Kh8 22. Nd4 Bg5 23. Rhg1 Bf6 24. Nxf3 exf3 25. Qxf3 Rc4 26. Rdf1 Be5 27. Bg5 f6 28. Bc1 Qc8 29. Rg6 Rh4 30. h6 Rf7 31. Rfg1 Qh3 32. Qe2 Qf5 33. Rxg7 Rxg7 34. Rxg7 Rh2 35. Rg2 Rh1 36. Rg8+ Kxg8 37. Qg2+ Qg5 38. Qxh1 Qg6 39. Qf1 Kh7 40. Qf2 f5 41. Qa7+ Kg8 42. Qxa6 f4 43. Qxb5 Qg2 44. Qe8+ Kh7 45. Qf7+ Kh8 46. a4 f3 47. Qf8+ Kh7 48. Qf5+ Kh8 49. Be3 Qf1+ 50. Ka2 Qc4+ 51. b3 Qc3 52. Qf8+ Kh7 53. Qf7+ 1/2-1/2

[Event "RUS-ch Higher League (Women) 66th"]
[Site "Kolomna"]
[Date "2016.06.25"]
[Round "4"]
[White "Drogovoz, Irina"]
[Black "Rodionova, Polina"]
[Result "1/2-1/2"]
[WhiteElo "2143"]
[BlackElo "1981"]
[PlyCount "81"]
[EventDate "2016.06.22"]
[EventType "swiss"]
[EventRounds "9"]
[EventCountry "RUS"]
[SourceTitle "CBM 173 Extra"]
[Source "ChessBase"]
[SourceDate "2016.08.29"]
[SourceVersion "1"]
[SourceVersionDate "2016.08.29"]
[SourceQuality "1"]

1. d4 Nf6 2. Nf3 g6 3. c4 Bg7 4. Nc3 0-0 5. e4 d6 6. h3 c5 7. d5 e6 8. Bd3 exd5 9. exd5 Re8+ 10. Be3 Bh6 11. 0-0 Bxe3 12. fxe3 Qe7 13. e4 a6 14. Qd2 Kg7 15. Rf2 Rf8 16. Raf1 Ne8 17. Nd1 Nd7 18. Ne3 Ne5 19. Qc3 f6 20. Be2 Bd7 21. b4 Nxf3+ 22. Bxf3 Rc8 23. a3 Qe5 24. Qc1 b5 25. Rc2 cxb4 26. axb4 bxc4 27. Nxc4 Qd4+ 28. Kh1 f5 29. Rd1 Qf6 30. Nb6 Rxc2 31. Qxc2 Bb5 32. Nc4 fxe4 33. Qxe4 Qf4 34. Qd4+ Kg8 35. Na5 Bd7 36. Nc6 Qxd4 37. Nxd4 Nf6 38. Nc6 Re8 39. Kg1 Kf7 40. Ra1 Bc8 41. Nb8 1/2-1/2

[Event "Samara Polugaevsky Memorial 5th"]
[Site "Samara"]
[Date "2015.07.06"]
[Round "4"]
[White "Pogorelskikh, Sergey"]
[Black "Rodionova, Polina"]
[Result "1-0"]
[WhiteElo "2223"]
[BlackElo "2003"]
[PlyCount "59"]
[EventDate "2015.07.03"]
[EventType "swiss"]
[EventRounds "9"]
[EventCountry "RUS"]
[SourceTitle "EXT 2017"]
[Source "ChessBase"]
[SourceDate "2016.10.25"]
[SourceVersion "1"]
[SourceVersionDate "2016.10.25"]
[SourceQuality "1"]

1. e4 c6 2. d4 d5 3. e5 Bf5 4. Nf3 e6 5. Be2 Nd7 6. 0-0 Ne7 7. b3 Bg6 8. c4 Nf5 9. Nc3 Be7 10. g4 Nh4 11. Nxh4 Bxh4 12. f4 f5 13. exf6 Nxf6 14. Ba3 Qa5 15. Qc1 0-0-0 16. b4 Qc7 17. c5 Ne4 18. b5 Bf6 19. Qe3 Qa5 20. Bb2 Qb4 21. Nxe4 Bxe4 22. Bc3 Qa3 23. g5 Be7 24. bxc6 bxc6 25. Rfb1 Rd7 26. Rb3 Qa4 27. Qc1 Rc7 28. Qb2 Kd7 29. Rc1 Rf8 30. Ra3 1-0

[Event "RUS-ch U18 Girls"]
[Site "Loo"]
[Date "2015.04.28"]
[Round "8"]
[White "Smirnova, Ekaterina"]
[Black "Rodionova, Polina"]
[Result "1-0"]
[WhiteElo "2190"]
[BlackElo "2081"]
[PlyCount "77"]
[EventDate "2015.04.21"]
[EventType "tourn"]
[EventRounds "9"]
[EventCountry "RUS"]
[SourceTitle "CBM 166 Extra"]
[Source "ChessBase"]
[SourceDate "2015.06.18"]
[SourceVersion "1"]
[SourceVersionDate "2015.06.18"]
[SourceQuality "1"]

1. d4 Nf6 2. c4 e6 3. Nc3 Bb4 4. e3 0-0 5. Nge2 d5 6. a3 Bd6 7. Ng3 c6 8. c5 Be7 9. f4 b6 10. b4 a5 11. Bd2 Nbd7 12. Be2 Ba6 13. 0-0 Qc7 14. Qc2 Bxe2 15. Ngxe2 Ne8 16. f5 e5 17. Rac1 axb4 18. axb4 bxc5 19. bxc5 Bg5 20. e4 Bxd2 21. Qxd2 exd4 22. Qxd4 dxe4 23. Nxe4 Nef6 24. N2g3 Rfe8 25. Rfe1 h6 26. Qd6 Qb7 27. Rb1 Qa6 28. Qd4 Rab8 29. Rxb8 Rxb8 30. Nxf6+ Nxf6 31. Ne4 Nxe4 32. Qxe4 Qa5 33. Qe5 Rd8 34. Rf1 Kh7 35. f6 Rd5 36. Qe4+ g6 37. Qe8 Qxc5+ 38. Kh1 Qa7 39. Qf8 1-0

[Event "RUS-ch U18 Girls"]
[Site "Loo"]
[Date "2015.04.25"]
[Round "5"]
[White "Rodionova, Polina"]
[Black "Bykova, Anastasia"]
[Result "1-0"]
[WhiteElo "2081"]
[BlackElo "2242"]
[PlyCount "73"]
[EventDate "2015.04.21"]
[EventType "tourn"]
[EventRounds "9"]
[EventCountry "RUS"]
[SourceTitle "CBM 166 Extra"]
[Source "ChessBase"]
[SourceDate "2015.06.18"]
[SourceVersion "1"]
[SourceVersionDate "2015.06.18"]
[SourceQuality "1"]

1. e4 c6 2. Nc3 d5 3. Nf3 Bg4 4. h3 Bxf3 5. Qxf3 e6 6. g3 Nd7 7. d4 Qb6 8. Ne2 dxe4 9. Qxe4 Ngf6 10. Qf3 e5 11. dxe5 Nxe5 12. Qf5 Qb4+ 13. Nc3 Qe7 14. Be2 g6 15. Qf4 Qe6 16. 0-0 Bd6 17. Qh4 Be7 18. Qh6 0-0-0 19. Qe3 Kb8 20. f4 Nfd7 21. b4 Bxb4 22. Na4 Qxh3 23. fxe5 Rhe8 24. Rb1 Rxe5 25. Qf3 Bd6 26. Bf4 Rd5 27. c4 Rd4 28. Bxd6+ Rxd6 29. Qf4 Nf6 30. Rfd1 g5 31. Qe5 Qe6 32. Rxb7+ Ka8 33. Rxa7+ Kb8 34. Rb1+ Kc8 35. Nb6+ Kb8 36. Nd7+ Kc8 37. Rb8# 1-0

[Event "RUS-ch U18 Girls"]
[Site "Loo"]
[Date "2015.04.22"]
[Round "2"]
[White "Severina, Maria"]
[Black "Rodionova, Polina"]
[Result "1-0"]
[WhiteElo "2212"]
[BlackElo "2081"]
[PlyCount "89"]
[EventDate "2015.04.21"]
[EventType "tourn"]
[EventRounds "9"]
[EventCountry "RUS"]
[SourceTitle "CBM 166 Extra"]
[Source "ChessBase"]
[SourceDate "2015.06.18"]
[SourceVersion "1"]
[SourceVersionDate "2015.06.18"]
[SourceQuality "1"]

1. d4 Nf6 2. c4 g6 3. Nc3 Bg7 4. e4 d6 5. Nf3 0-0 6. Be2 e5 7. 0-0 Nc6 8. d5 Ne7 9. b4 Nh5 10. Re1 f5 11. Ng5 Nf6 12. Bf3 h6 13. Ne6 Bxe6 14. dxe6 c6 15. b5 fxe4 16. Nxe4 Nxe4 17. Bxe4 d5 18. cxd5 cxd5 19. Ba3 dxe4 20. Qxd8 Rfxd8 21. Bxe7 Re8 22. Bc5 b6 23. Be3 Rxe6 24. Rec1 Kf7 25. a4 Rd8 26. Kf1 Rd5 27. Rc7+ Re7 28. Rc6 g5 29. Ke2 Red7 30. Rac1 Bf8 31. R1c4 Bd6 32. Rxe4 Kf6 33. h4 Kf5 34. g4+ Kf6 35. hxg5+ hxg5 36. Rec4 Kg6 37. Rc8 Be7 38. Kf3 Kf7 39. Ke4 Ke6 40. R8c6+ R5d6 41. Rc1 Rxc6 42. Rxc6+ Bd6 43. Bc1 Kf7 44. Bxg5 Bc5 45. Kxe5 1-0

[Event "Moscow op-G"]
[Site "Moscow"]
[Date "2015.02.02"]
[Round "3"]
[White "Papp, Petra"]
[Black "Rodionova, Polina"]
[Result "1-0"]
[WhiteElo "2285"]
[BlackElo "2184"]
[PlyCount "103"]
[EventDate "2015.01.31"]
[EventType "tourn"]
[EventRounds "9"]
[EventCountry "RUS"]
[EventCategory "3"]
[SourceTitle "CBM 164 Extra"]
[Source "ChessBase"]
[SourceDate "2015.03.02"]
[SourceVersion "1"]
[SourceVersionDate "2015.03.02"]
[SourceQuality "1"]

1. e4 c6 2. d4 d5 3. Nd2 dxe4 4. Nxe4 Bf5 5. Ng3 Bg6 6. h4 h6 7. Nf3 Nd7 8. h5 Bh7 9. Bd3 Bxd3 10. Qxd3 e6 11. Bd2 Ngf6 12. 0-0-0 Be7 13. Kb1 0-0 14. Ne4 Nxe4 15. Qxe4 Nf6 16. Qe2 Qd5 17. Ne5 Qe4 18. Qxe4 Nxe4 19. Be1 c5 20. f3 Nf6 21. Bf2 Rac8 22. c4 Bd6 23. b3 b6 24. g4 Rfd8 25. Rhe1 Nh7 26. dxc5 Bxc5 27. Bxc5 bxc5 28. Kc2 f6 29. Rxd8+ Rxd8 30. Nd3 Ng5 31. Re3 e5 32. Nxc5 Kf7 33. a4 Rd4 34. a5 Ke7 35. a6 Kd6 36. Ne4+ Kc6 37. Nxg5 hxg5 38. Rd3 Rf4 39. Kc3 Kb6 40. Rd7 Kxa6 41. Rxg7 e4 42. fxe4 Rxe4 43. Rf7 Rxg4 44. Rxf6+ Kb7 45. Rg6 Rg3+ 46. Kb4 g4 47. Kc5 Rh3 48. Rg7+ Ka6 49. Rg5 g3 50. b4 g2 51. Kc6 Rxh5 52. Rxh5 1-0

[Event "Moscow op-G"]
[Site "Moscow"]
[Date "2015.01.31"]
[Round "1"]
[White "Enkhtuul, Altanulzii"]
[Black "Rodionova, Polina"]
[Result "1-0"]
[WhiteElo "2258"]
[BlackElo "2184"]
[PlyCount "109"]
[EventDate "2015.01.31"]
[EventType "tourn"]
[EventRounds "9"]
[EventCountry "RUS"]
[EventCategory "3"]
[SourceTitle "CBM 164 Extra"]
[Source "ChessBase"]
[SourceDate "2015.03.02"]
[SourceVersion "1"]
[SourceVersionDate "2015.03.02"]
[SourceQuality "1"]

1. d4 Nf6 2. Nf3 g6 3. Bf4 Bg7 4. e3 d6 5. Be2 c5 6. dxc5 Qa5+ 7. c3 Qxc5 8. h3 0-0 9. 0-0 Nc6 10. Nbd2 b5 11. Nd4 Nxd4 12. exd4 Qb6 13. Qb3 Rb8 14. Bf3 a5 15. a4 b4 16. c4 Nd7 17. c5 dxc5 18. Nc4 Qa7 19. Bxb8 Nxb8 20. dxc5 Qxc5 21. Rac1 Be6 22. Qd3 Nd7 23. Rfe1 Bd4 24. Kh1 Bf5 25. Be4 Bxe4 26. Rxe4 e5 27. Qd2 Qa7 28. Re2 Nc5 29. Qd1 Nd7 30. Nd6 Qb6 31. Nb5 Rd8 32. Nxd4 exd4 33. Rec2 Qf6 34. Rc6 Qf4 35. Rc8 Rf8 36. Rxf8+ Nxf8 37. Kg1 Ne6 38. Rc8+ Kg7 39. Qd3 Qe5 40. b3 Nf4 41. Qd2 Qe4 42. f3 Qe5 43. Rc4 g5 44. Kf2 d3 45. g3 Nh5 46. f4 gxf4 47. g4 Nf6 48. Qxd3 Qb2+ 49. Rc2 Qa1 50. Kg2 Qe5 51. Re2 Qc5 52. Rc2 Qe5 53. Qf5 Qd4 54. Qg5+ Kf8 55. Qc5+ 1-0

[Event "Orsha (Women)"]
[Site "Orsha"]
[Date "2015.01.19"]
[Round "1"]
[White "Dimitrova, Aleksandra"]
[Black "Rodionova, Polina"]
[Result "1-0"]
[WhiteElo "2128"]
[BlackElo "2181"]
[PlyCount "67"]
[EventDate "2015.01.19"]
[EventType "tourn"]
[EventRounds "9"]
[EventCountry "BLR"]
[SourceTitle "CBM 164 Extra"]
[Source "ChessBase"]
[SourceDate "2015.03.02"]
[SourceVersion "1"]
[SourceVersionDate "2015.03.02"]
[SourceQuality "1"]

1. e4 c6 2. d4 d5 3. e5 Bf5 4. Nd2 e6 5. Nb3 Nd7 6. Be3 Qc7 7. Nf3 0-0-0 8. Bd3 Bxd3 9. Qxd3 f6 10. Bf4 c5 11. Qe3 Qb6 12. dxc5 Nxc5 13. 0-0 h6 14. Qc3 Kd7 15. Be3 Rc8 16. Nh4 Qb5 17. Bxc5 Bxc5 18. Nxc5+ Rxc5 19. Qg3 Ne7 20. Qxg7 Rg8 21. Qxf6 Rxc2 22. b3 h5 23. Rfc1 Qc5 24. Rxc2 Qxc2 25. Nf3 Qb2 26. Rd1 Qxa2 27. Nd4 Rg6 28. Qf7 Qa6 29. h3 b5 30. Kh2 h4 31. Rc1 Qa3 32. Rc6 Qxb3 33. Rd6+ Kc8 34. Qe8+ 1-0

[Event "EU-ch U18 Girls 24th"]
[Site "Batumi"]
[Date "2014.10.28"]
[Round "9"]
[White "Imnadze, Nato"]
[Black "Rodionova, Polina"]
[Result "1/2-1/2"]
[WhiteElo "2175"]
[BlackElo "2090"]
[PlyCount "81"]
[EventDate "2014.10.19"]
[EventType "swiss"]
[EventRounds "9"]
[EventCountry "GEO"]
[SourceTitle "EXT 2015"]
[Source "ChessBase"]
[SourceDate "2014.11.20"]
[SourceVersion "1"]
[SourceVersionDate "2014.11.20"]
[SourceQuality "1"]

1. e4 e5 2. Nf3 Nc6 3. Bb5 a6 4. Ba4 d6 5. 0-0 Bd7 6. c3 g6 7. d4 Bg7 8. Re1 Nf6 9. Nbd2 0-0 10. Bxc6 Bxc6 11. dxe5 dxe5 12. Nxe5 Bxe4 13. Nxe4 Qxd1 14. Rxd1 Nxe4 15. Nd7 Rfe8 16. Bf4 c6 17. f3 Nf6 18. Nxf6+ Bxf6 19. Rd7 Re7 20. Rad1 Rae8 21. Kf1 Kg7 22. Rxe7 Rxe7 23. Bd6 Re8 24. Bc5 Rd8 25. Rxd8 Bxd8 26. Ke2 Kf6 27. Bd6 Ke6 28. Bf4 Kd5 29. Kd3 b5 30. b3 f5 31. h3 h5 32. g4 Bf6 33. gxh5 gxh5 34. Be3 Bd8 35. Bd4 Bc7 36. Bf2 Be5 37. Be3 Bb8 38. Bf2 Bc7 39. Bd4 Bf4 40. Bf2 Bc7 41. Bd4 1/2-1/2

[Event "EU-ch U18 Girls 24th"]
[Site "Batumi"]
[Date "2014.10.27"]
[Round "8"]
[White "Rodionova, Polina"]
[Black "Heinemann, Josefine"]
[Result "1/2-1/2"]
[WhiteElo "2090"]
[BlackElo "2021"]
[PlyCount "144"]
[EventDate "2014.10.19"]
[EventType "swiss"]
[EventRounds "9"]
[EventCountry "GEO"]
[SourceTitle "EXT 2015"]
[Source "ChessBase"]
[SourceDate "2014.11.20"]
[SourceVersion "1"]
[SourceVersionDate "2014.11.20"]
[SourceQuality "1"]

1. Nf3 Nf6 2. g3 g6 3. b3 Bg7 4. Bb2 0-0 5. Bg2 d5 6. 0-0 c6 7. d4 Bf5 8. c4 Qc8 9. Re1 Ne4 10. Nfd2 Nxd2 11. Qxd2 Rd8 12. e3 Qd7 13. Qe2 Na6 14. a3 Nc7 15. Nc3 Be6 16. Rad1 f5 17. h3 Rf8 18. Kh2 Rac8 19. f3 Bf7 20. Qd3 dxc4 21. bxc4 e5 22. d5 cxd5 23. cxd5 Rfd8 24. e4 Ne8 25. Nb1 fxe4 26. fxe4 Nd6 27. Nd2 b5 28. Nf3 Nc4 29. Bc1 h6 30. h4 Qd6 31. Bh3 Rb8 32. Kh1 Qc5 33. Nh2 Kh7 34. Rf1 Be8 35. Qf3 Bd7 36. Bxd7 Rxd7 37. h5 Qd6 38. g4 Rf8 39. Qh3 g5 40. Rxf8 Qxf8 41. Qb3 Qc5 42. Rf1 Qd4 43. Qf3 Nd6 44. Re1 Rf7 45. Qe3 Qxe3 46. Rxe3 Rf4 47. Kg2 Rxe4 48. Rxe4 Nxe4 49. Nf3 Nf6 50. d6 Bf8 51. Nxe5 Bxd6 52. Nc6 Nxg4 53. Nxa7 b4 54. axb4 Bxb4 55. Bb2 Ne3+ 56. Kf3 Nf5 57. Nc6 Bf8 58. Kg4 Ne3+ 59. Kf3 Nc4 60. Bc1 Kg7 61. Ke4 Kf6 62. Kd5 Ba3 63. Bxg5+ Kxg5 64. Kxc4 Kxh5 65. Kd4 Kg4 66. Ne5+ Kf5 67. Ke3 h5 68. Kf3 Kxe5 69. Kg2 Kf4 70. Kh1 Kg3 71. Kg1 Bc5+ 72. Kh1 h4 1/2-1/2

[Event "EU-ch U18 Girls 24th"]
[Site "Batumi"]
[Date "2014.10.20"]
[Round "2"]
[White "Rodionova, Polina"]
[Black "Fataliyeva, Ulviyya Hasil Qizi"]
[Result "0-1"]
[WhiteElo "2090"]
[BlackElo "2117"]
[PlyCount "62"]
[EventDate "2014.10.19"]
[EventType "swiss"]
[EventRounds "9"]
[EventCountry "GEO"]
[SourceTitle "EXT 2015"]
[Source "ChessBase"]
[SourceDate "2014.11.20"]
[SourceVersion "1"]
[SourceVersionDate "2014.11.20"]
[SourceQuality "1"]

1. e4 e6 2. d4 d5 3. Nd2 Be7 4. Ngf3 Nf6 5. e5 Nfd7 6. Bd3 c5 7. c3 Nc6 8. 0-0 g5 9. dxc5 g4 10. Nd4 Ndxe5 11. Bb5 Bd7 12. N2b3 h5 13. Re1 Ng6 14. Bxc6 bxc6 15. f4 Qc7 16. Rf1 f5 17. Qe2 Kf7 18. Re1 Rae8 19. Qa6 Bf6 20. Qa4 e5 21. Ne2 Re7 22. Rf1 exf4 23. Nxf4 Re4 24. Qa5 Qb8 25. Nxg6 Kxg6 26. Nd4 Be5 27. Qa6 Bxh2+ 28. Kh1 Qc7 29. Qd3 Be5 30. Qd2 Qd8 31. Kg1 Qh4 0-1

[Event "EU-ch U18 Girls 24th"]
[Site "Batumi"]
[Date "2014.10.19"]
[Round "1"]
[White "Voischeva, Zinaida"]
[Black "Rodionova, Polina"]
[Result "0-1"]
[WhiteElo "1959"]
[BlackElo "2090"]
[PlyCount "42"]
[EventDate "2014.10.19"]
[EventType "swiss"]
[EventRounds "9"]
[EventCountry "GEO"]
[SourceTitle "EXT 2015"]
[Source "ChessBase"]
[SourceDate "2014.11.20"]
[SourceVersion "1"]
[SourceVersionDate "2014.11.20"]
[SourceQuality "1"]

1. e4 e5 2. Nf3 Nc6 3. Bb5 Nge7 4. c3 d5 5. Nxe5 dxe4 6. Nxc6 Nxc6 7. 0-0 Be7 8. Qa4 Qd5 9. f3 exf3 10. Rxf3 0-0 11. d4 Bd6 12. Be3 Bg4 13. Rf1 Rae8 14. Bf2 Qh5 15. g3 Re6 16. Bxc6 bxc6 17. Nd2 Qh3 18. Be1 Rh6 19. Rf2 Bxg3 20. Nf1 Bxf2+ 21. Bxf2 Bf3 0-1

[Event "Wch U18 Girls"]
[Site "Durban"]
[Date "2014.09.29"]
[Round "11"]
[White "Rodionova, Polina"]
[Black "Xiao, Yiyi"]
[Result "0-1"]
[WhiteElo "2090"]
[BlackElo "2168"]
[PlyCount "76"]
[EventDate "2014.09.20"]
[EventType "swiss"]
[EventRounds "11"]
[EventCountry "RSA"]
[SourceTitle "CBM 162 Extra"]
[Source "ChessBase"]
[SourceDate "2014.10.17"]
[SourceVersion "1"]
[SourceVersionDate "2014.10.17"]
[SourceQuality "1"]

1. e4 c5 2. Nf3 e6 3. g3 Nc6 4. Bg2 Nf6 5. d3 d5 6. Nbd2 Be7 7. 0-0 0-0 8. c3 b5 9. Re1 a5 10. e5 Nd7 11. Nf1 Ba6 12. h4 b4 13. N1h2 a4 14. a3 Rb8 15. Bg5 bxc3 16. bxc3 Rb3 17. Ng4 h6 18. Bf4 Rxc3 19. Qxa4 Qa8 20. Bxh6 Bxd3 21. Qd1 gxh6 22. Qd2 Rxa3 23. Rxa3 Qxa3 24. Qxh6 Qc3 25. Re3 d4 26. Re1 Ra8 27. Nf6+ Nxf6 28. exf6 Bf8 29. Qg5+ Kh8 30. Kh2 Rd8 31. Qh5+ Kg8 32. Qg4+ Kh8 33. Qh5+ Kg8 34. Qg4+ Kh8 35. Rd1 Bg6 36. h5 Bf5 37. Qf4 d3 38. g4 Bd6 0-1

[Event "Wch U18 Girls"]
[Site "Durban"]
[Date "2014.09.28"]
[Round "10"]
[White "Rodionova, Polina"]
[Black "Utiatskaja, Irina"]
[Result "1-0"]
[WhiteElo "2090"]
[BlackElo "2047"]
[PlyCount "99"]
[EventDate "2014.09.20"]
[EventType "swiss"]
[EventRounds "11"]
[EventCountry "RSA"]
[SourceTitle "CBM 162 Extra"]
[Source "ChessBase"]
[SourceDate "2014.10.17"]
[SourceVersion "1"]
[SourceVersionDate "2014.10.17"]
[SourceQuality "1"]

1. Nf3 Nf6 2. g3 g6 3. Bg2 Bg7 4. 0-0 0-0 5. d3 d5 6. Nbd2 Re8 7. e4 dxe4 8. dxe4 e5 9. Qe2 Nfd7 10. h4 Nf8 11. Nc4 Nbd7 12. Rd1 Qe7 13. a4 Nb6 14. Ne3 a5 15. b3 f6 16. Ba3 Qf7 17. Rd2 Bh6 18. Rad1 Bd7 19. Rd3 Bc6 20. Ng4 Bg7 21. h5 Ne6 22. Bh3 Nd4 23. Nxd4 exd4 24. hxg6 hxg6 25. Qd2 Rxe4 26. Nh6+ Bxh6 27. Qxh6 Qh7 28. Qxh7+ Kxh7 29. Rxd4 Rxd4 30. Rxd4 Re8 31. Kf1 Kg7 32. c4 Nc8 33. Bg2 Re6 34. Rd8 Na7 35. Bxc6 Nxc6 36. Rd7+ Kh6 37. Rxc7 b6 38. Bc1+ Kh5 39. Rh7+ Kg4 40. Rh4+ Kf5 41. Rf4+ Ke5 42. Bb2+ Kd6 43. Rxf6 Rxf6 44. Bxf6 Kc5 45. Bc3 Nb4 46. Ke2 Na2 47. Kd2 Kd6 48. f4 g5 49. fxg5 Ke6 50. Bd4 1-0

[Event "Wch U18 Girls"]
[Site "Durban"]
[Date "2014.09.27"]
[Round "9"]
[White "Saduakassova, Dinara"]
[Black "Rodionova, Polina"]
[Result "1-0"]
[WhiteElo "2409"]
[BlackElo "2090"]
[PlyCount "79"]
[EventDate "2014.09.20"]
[EventType "swiss"]
[EventRounds "11"]
[EventCountry "RSA"]
[SourceTitle "CBM 162 Extra"]
[Source "ChessBase"]
[SourceDate "2014.10.17"]
[SourceVersion "1"]
[SourceVersionDate "2014.10.17"]
[SourceQuality "1"]

1. d4 Nf6 2. c4 g6 3. Nc3 Bg7 4. e4 d6 5. Nf3 0-0 6. Be2 e5 7. 0-0 Nc6 8. d5 Ne7 9. b4 Nh5 10. g3 f5 11. Ng5 Nf6 12. Bf3 fxe4 13. Ncxe4 Nf5 14. Bg2 Nxe4 15. Nxe4 a5 16. bxa5 Rxa5 17. Bd2 Ra6 18. c5 Kh8 19. a4 Nd4 20. Rb1 Qd7 21. a5 Qf7 22. cxd6 cxd6 23. Bb4 Qe7 24. Re1 h5 25. Nxd6 Rxd6 26. Qxd4 exd4 27. Rxe7 Rdd8 28. Rxg7 Kxg7 29. Bxf8+ Kxf8 30. Rd1 Re8 31. h3 Bf5 32. Rxd4 Re1+ 33. Kh2 Ra1 34. d6 Ke8 35. Bxb7 Rxa5 36. Bc6+ Bd7 37. Be4 Bf5 38. Bxf5 Rxf5 39. d7+ Kd8 40. Kg2 1-0

[Event "Wch U18 Girls"]
[Site "Durban"]
[Date "2014.09.21"]
[Round "2"]
[White "Doan, Thi Hong Nhung"]
[Black "Rodionova, Polina"]
[Result "0-1"]
[WhiteElo "1903"]
[BlackElo "2090"]
[PlyCount "67"]
[EventDate "2014.09.20"]
[EventType "swiss"]
[EventRounds "11"]
[EventCountry "RSA"]
[SourceTitle "CBM 162 Extra"]
[Source "ChessBase"]
[SourceDate "2014.10.17"]
[SourceVersion "1"]
[SourceVersionDate "2014.10.17"]
[SourceQuality "1"]

1. d4 Nf6 2. c4 g6 3. Nc3 Bg7 4. e4 d6 5. f3 0-0 6. Be3 c5 7. dxc5 dxc5 8. Qxd8 Rxd8 9. Bxc5 Nc6 10. Rd1 Rxd1+ 11. Kxd1 Nd7 12. Be3 Bxc3 13. bxc3 Nde5 14. f4 Ng4 15. Ke2 Be6 16. Kf3 Rd8 17. Be2 Nxe3 18. Kxe3 Na5 19. Nf3 Nxc4+ 20. Kf2 Nd2 21. Ke3 Nc4+ 22. Kf2 Nd6 23. Nd2 Bxa2 24. c4 b5 25. c5 Ne8 26. Ke3 b4 27. Bc4 Rxd2 28. Kxd2 Bxc4 29. Rb1 b3 30. Ra1 Nf6 31. Kc3 Be6 32. Kd4 Nxe4 33. Rxa7 Nf6 34. Rb7 0-1

[Event "RUS-chT U20"]
[Site "Kolomna"]
[Date "2014.08.06"]
[Round "5"]
[White "Rodionova, Polina"]
[Black "Ishkinin, Robert"]
[Result "1/2-1/2"]
[WhiteElo "2138"]
[BlackElo "1815"]
[PlyCount "110"]
[EventDate "2014.08.02"]
[EventType "swiss"]
[EventRounds "9"]
[EventCountry "RUS"]
[SourceTitle "EXT 2016"]
[Source "ChessBase"]
[SourceDate "2015.10.08"]
[SourceVersion "1"]
[SourceVersionDate "2015.10.08"]
[SourceQuality "1"]

1. e4 e5 2. Nf3 Nc6 3. Nc3 Nf6 4. d4 exd4 5. Nxd4 Bb4 6. Nxc6 bxc6 7. Bd3 0-0 8. 0-0 d5 9. exd5 cxd5 10. h3 c6 11. Qf3 Re8 12. Bf4 Bd6 13. Ne2 Rb8 14. b3 c5 15. Ng3 c4 16. Bxd6 Qxd6 17. bxc4 dxc4 18. Bxc4 Bb7 19. Rfd1 Re1+ 20. Kh2 Bxf3 21. Rxd6 Rxa1 22. gxf3 Re1 23. Nf5 Re5 24. Nd4 Rb6 25. Nc6 Re1 26. Rd8+ Re8 27. Rxe8+ Nxe8 28. Nxa7 Nd6 29. Bd3 Kf8 30. a4 Rb2 31. a5 Nb7 32. a6 Nc5 33. Bb5 Nxa6 34. Bxa6 Ra2 35. Bd3 Rxa7 36. Kg3 Ke7 37. f4 Kf6 38. Kg4 h6 39. Kf3 Ra1 40. Kg2 Ra4 41. Kf3 Ke6 42. Kg3 g5 43. fxg5 hxg5 44. Kf3 Ke5 45. Bb5 Rb4 46. Bd3 Rh4 47. Kg3 f5 48. Bb5 Rb4 49. Bd3 Rh4 50. Bb5 f4+ 51. Kg2 Rh8 52. Bd3 Kd4 53. Bf5 Ke5 54. Bd3 Kd4 55. Bf5 Ke5 1/2-1/2

[Event "Pardubice Czech op-A 25th"]
[Site "Pardubice"]
[Date "2014.07.24"]
[Round "7"]
[White "Tokranovs, Dmitrijs"]
[Black "Rodionova, Polina"]
[Result "1-0"]
[WhiteElo "2297"]
[BlackElo "2138"]
[PlyCount "67"]
[EventDate "2014.07.18"]
[EventType "swiss"]
[EventRounds "9"]
[EventCountry "CZE"]
[SourceTitle "CBM 161 Extra"]
[Source "ChessBase"]
[SourceDate "2014.08.29"]
[SourceVersion "1"]
[SourceVersionDate "2014.08.29"]
[SourceQuality "1"]

1. e4 e5 2. Nf3 Nc6 3. Bc4 Bc5 4. c3 Nf6 5. d4 exd4 6. cxd4 Bb4+ 7. Bd2 Bxd2+ 8. Nbxd2 d5 9. exd5 Nxd5 10. Qb3 Na5 11. Qa4+ Nc6 12. Qb3 Na5 13. Qa4+ Nc6 14. Qb5 Nb6 15. 0-0 0-0 16. Qc5 Nxc4 17. Nxc4 Ne7 18. Rfe1 Nd5 19. Re5 c6 20. Rae1 Bg4 21. Nfd2 Nf4 22. R5e3 Ne6 23. Qe5 b5 24. Nd6 f6 25. Qg3 Nxd4 26. Re7 g6 27. Qxg4 Qxd6 28. Rd7 Rae8 29. Rxe8 Rxe8 30. Rxd6 Re1+ 31. Nf1 Ne2+ 32. Qxe2 Rxe2 33. Rxc6 Rxb2 34. Ra6 1-0